| 000 -ლიდერი |
| ფიქსირებული სიგრძის საკონტროლო ველი |
02285nam a2200313Ia 4500 |
| 001 - საკონტროლო ნომერი |
| საკონტროლო ველი |
19589 |
| 003 - საკონტროლო ნომრის იდენტიფიკატორი |
| საკონტროლო ველი |
GE_BSU |
| 005 - ბოლო ოპერაციის თარიღი და დრო |
| საკონტროლო ველი |
20250311172947.0 |
| 008 - ფიქსირებული სიგრძის მონაცემთა ელემენტები - ზოგადი ინფორმაცია |
| ფიქსირებული სიგრძის საკონტროლო ველი |
181216s2016||||ge |||||||||||||| ||geo|| |
| 040 ## - კატალოგიზაციის წყარო |
| Transcribing agency |
GE_BSU |
| 041 ## - ენის კოდი |
| Language code of text/sound track or separate title |
geo |
| 080 ## - უნივერსალური ათობითი კლასიფიკაციის ინდექსი |
| Universal Decimal Classification number |
27-36 წ-71 |
| 245 ## - ცნობა სათაურის შესახებ |
| Title |
იმერეთის მეფე სოლომონ I ; წმინდა მეფე სოლომონ II ; გაენათელი მიტროპოლიტი ეფთვიმე ; ქუთათელი მიტროპოლიტი დოსითეოზი / |
| Statement of responsibility, etc |
შემდგენელი კახაბერ კენკიშვილი ; გარეკანის დიზაინი რატი თორდია |
| 264 ## - წარმოების, გამოცემის, დისტრიბუციის და სხვა ცნობები |
| გამოცემის, წარმოების, დისტრიბუციის... ადგილი |
თბილისი : |
| გამოცემის, წარმოების, დისტრიბუციის... სახელწოდება |
პალიტრა L, |
| გამოცემის, წარმოების, დისტრიბუციის... თარიღი |
2016. |
| 300 ## - ფიზიკური აღწერა |
| Extent |
185 გვ. ; |
| Dimensions |
20 სმ. |
| 490 ## - სერიის ცნობა |
| Series statement |
საქართველოს იმედი II : ყველა წმინდანი, რომელთა შესახებაც უნდა იცოდე, 2298-0547 / პროექტის რედაქტორი თამარ მამაცაშვილი ; |
| Volume number/sequential designation |
წიგნი 55 |
| 500 ## - ზოგადი შენიშვნა |
| General note |
იბეჭდება სრ. საქართველოს კათოლიკოს-პატრიარქის, უწმინდესისა და უნეტარესის ილია II-ის ლოცვა-კურთხევით |
| 504 ## - BIBLIOGRAPHY, ETC. NOTE |
| Bibliography, etc |
ბიბლიოგრ. : გვ. 183-184
|
| 653 ## - INDEX TERM--UNCONTROLLED |
| Uncontrolled term |
იმერეთის მეფე სოლომონ I |
| 653 ## - INDEX TERM--UNCONTROLLED |
| Uncontrolled term |
წმინდა მეფე სოლომონ II |
| 653 ## - INDEX TERM--UNCONTROLLED |
| Uncontrolled term |
გაენათელი მიტროპოლიტი ეფთვიმე |
| 653 ## - INDEX TERM--UNCONTROLLED |
| Uncontrolled term |
ქუთათელი მიტროპოლიტი დოსითეოზი |
| 653 ## - INDEX TERM--UNCONTROLLED |
| Uncontrolled term |
რელიგია |
| 700 ## - ADDED ENTRY--PERSONAL NAME |
| Personal name |
კენკიშვილი, კახაბერ |
| Relator term |
შემდგენელი |
| 9 (RLIN) |
24521 |
| 700 ## - ADDED ENTRY--PERSONAL NAME |
| Personal name |
მამაცაშვილი, თამარ |
| Relator term |
პროექტის რედაქტორი |
| 9 (RLIN) |
24522 |
| 700 ## - ADDED ENTRY--PERSONAL NAME |
| Personal name |
თორდია, რატი |
| Relator term |
დიზაინერი |
| 9 (RLIN) |
17902 |
| 942 ## - ADDED ENTRY ELEMENTS (KOHA) |
| Koha item type |
წიგნი |
| Source of classification or shelving scheme |
|